000 00417nam a2200181Ia 4500
005 20250423095753.0
008 250422s9999 xx 000 0 und d
020 _a9350286718
050 _aKC 203 .J6/
100 _aJoshi,K.C.
245 0 _aInternational law and human rights
250 _a2nd.ed
260 _aLucknow
260 _bEastern Book Company.
260 _c2012
300 _a544 p
942 _cBK
999 _c31282
_d31282